Top 10 najmniejludnych państw Azji - Statystyki

Ogólne statystyki
  • Ten quiz został rozwiązany 299 razy
  • Średni wynik to 8 z 10
Statystyki odpowiedzi
Państwo % Poprawnych
Katar
89%
Bahrajn
83%
Bhutan
82%
Kuwejt
79%
Brunei
77%
Malediwy
76%
Timor Wschodni
76%
Armenia
73%
Mongolia
66%
Cypr
60%
Nie znaleziono quizów pasujących do podanych kryteriów
Rozkład punktacji
Procent ludzi z każdym wynikiem
Percentyl według liczby udzielonych odpowiedzi
Twoja historia wyników
Nie rozwiązałeś tego quizu